banner-ar

color image scale \ (Record no. 19267)

MARC details
000 -الفاتح
حقل البيانات ثابتة الطول 00543nam a2200205Ia 4500
005 - وقت وتاريخ اخر تعامل مع التسجيلة
رقم الضبط 20240530100642.0
008 - عناصر البيانات ثابتة الطول - معلومات عامة
حقل البيانات ثابتة الطول 140319s9999 xx 000 0 eng d
040 ## - مصدر الفهرسة
وكالة الفهرسة الأصلية GCL /
وكالة النسخ GCL
082 04 - رقم تصنيف ديوى العشرى
رقم التصنيف 701.85
رقم المادة K C
100 1# - المدخل الرئيسى - إسم شخصى
الإسم الشخصى KABAYASHI, SHIGENABE
245 10 - بيان العنوان
العنوان color image scale \
بيان المسئوليه,etc KABAYASHI, SHIGENABE
260 ## - PUBLICATION, DISTRIBUTION, ETC. (IMPRINT)
تاريخ النشر أو التوزيع 1991
300 ## - الوصف المادى
التعداد 160P
650 04 - المدخل الاضافى بالموضوع-مصطلح موضوعى
مصطلح موضوعي JAPAN
650 04 - المدخل الاضافى بالموضوع-مصطلح موضوعى
مصطلح موضوعي COLOUR PSYCHOLOGICAL ASPECTS
650 04 - المدخل الاضافى بالموضوع-مصطلح موضوعى
مصطلح موضوعي ART, JAPAN
700 1# - المدخل الاضافى - اسم شخصى
الإسم الشخصى MATSUMAGA, TOVELLA TRASL
942 ## - عناصر المدخل الإضافي( كوها)
مصدر التصنيف او مخطط الترفيف Dewey Decimal Classification
Koha [default] item type كتاب
260 ## - PUBLICATION, DISTRIBUTION, ETC. (IMPRINT)
-- [S.N] :
-- KADANSHA INTERNATIONAL ،
Holdings
حالة التراجع حالة الفقد حالة تلف ليس للاعارة المكان المؤقت الموقع الحالى تاريخ الاكتساب اجمالي اﻻعارات رقم الطلب الباركود تاريخ اخر مشاهدة تاريخ تفعيل السعر نوع وعاء كوها
        مكتبة القاهرة الكبرى مكتبة القاهرة الكبرى 03/26/2014   701.85\K C 36837 03/26/2014 03/26/2014 كتاب

Powered By

EGPV